000 01050nam a2200253 u 4500
005 20210223132328.0
008 140404s2013 mx r 000 0 spa d
020 _a9786074779158 (UAMC)
020 _a9786074510638 (ANUIES)
035 _aUPN01000196860
049 _aCG
050 4 _aLB2371.6 M6
_bF7.2
100 1 _aFresán Orozco, María Magdalena
_932234
245 1 0 _aAcreditación del posgrado :
_binstitucionalización e impacto en Argentina y México /
_cMagdalena Fresán Orozco ; colab. Yolanda Zamora C.
260 _aMéxico :
_bANUIES :
_bUAM-Cuajimalpa,
_c2013.
300 _a315 p. :
_bgráfs., cuadros
440 0 _aBiblioteca de la educación superior.
_pInvestigaciones
650 4 _aUNIVERSIDADES Y COLEGIOS -
_xTRABAJO DE POST-GRADUADOS -
_xACREDITACION -
_zMEXICO
_923089
650 4 _aUNIVERSIDADES Y COLEGIOS -
_xTRABAJO DE POST-GRADUADOS -
_xACREDITACION -
_zARGENTINA
_923090
650 4 _aUNIVERSIDADES Y COLEGIOS -
_xACREDITACION
_911807
700 1 _aZamora C., Yolanda,
_ecolab.
905 _aLibro
999 _c168961
_d168961